| 000 | 01006nam a2200241Ia 4500 | ||
|---|---|---|---|
| 008 | 130821s1997 ck gr spa | ||
| 020 | _a1217062 | ||
| 040 |
_aCo-BoUCM _bspa |
||
| 041 | 0 | 0 | _aspa |
| 100 | 1 |
_aOgliastri Uribe, Enrique _951617 |
|
| 245 | 0 | 4 |
_aUna introducción a la negociación internacional la cultura latinoamericana frente a la angloamericana, japonesa, francesa y del Medio Oriente _cEnrique Ogliastri. |
| 260 |
_aBogotá (Cundinamarca, Colombia) _bUniversidad de Los Andes _c1997 |
||
| 300 | _a77 páginas | ||
| 490 | 0 |
_aMonografías. _v49 _aSerie Empresa, Economía y Sociedad |
|
| 500 | _aEjemplar 2 donación Dr. Guillermo Galán. | ||
| 650 | 0 | 4 |
_aNegociaciones internacionales _920167 |
| 650 | 0 | 4 |
_aRelaciones internacionales _98042 |
| 650 | 0 | 4 |
_aSociología _9386 |
| 650 | 0 | 4 |
_aSolución de conflictos _924842 |
| 710 | 1 |
_aUniversidad de Los Andes. _bFacultad de Administración _944499 |
|
| 942 |
_cLIBRO _a5 _e1 _mO45 _2DEWEY _h303.69 |
||
| 999 |
_c28128 _d28128 |
||